Algeria Word Link - Statistics

General Stats
  • This quiz has been taken 12 times
  • The average score is 6 of 15
Answer Stats
Hint Answer % Correct
Someone who does not tell the truth Liar
80%
A female child Girl
70%
A synonym of big Large
70%
Aquatic plants that include seaweed and many single-celled forms Algae
60%
Existing, happening, or operating in the air Aerial
40%
Clothing or equipment needed for something specific Gear
40%
A wild animal's resting place, especially one that is well hidden Lair
40%
The hybrid offspring of a lion and a tiger Liger
40%
The basic monetary unit of Italy before the Euro Lira
40%
To be able to move quickly and easily. Agile
30%
A kind of beer, effervescent and light in color and body Lager
30%
A gelatinous substance made from seaweed used as afood thickener Agar
20%
A long accompanied song for a solo voice, typically one in an opera Aria
20%
A black tie a social occasion with special entertainments or performances Gala
10%
In medieval legend, the cup or platter used by Jesus at the Last Supper Grail
10%
No matching quizzes found
Score Distribution
Percent of People with Each Score
Percentile by Number Answered
Your Score History
You have not taken this quiz